000 00755nam a2200241 a 4500
001 000025434
003 DO-SdBNP
005 20250609133712.0
008 110216t1986 dr a 001 m spa d
040 _aDO-SdBNP
_bspa
_cBNPHU
_erda
049 _aBNPD
082 4 _aRD868.44
_bD249h
_222
100 1 _aLeón David
_d1945-
_984930
245 1 0 _aHuellas sobre la arena :
_baforismos /
_cLeón David.
246 1 0 _aHuellas sobre la arena
260 _aSanto Domingo :
_bAlfa y Omega,
_c1986.
300 _a113 p. :
_bil. ;
_c21 cm.
500 _aIncluye datos biográficos del autor en las solapas.
650 0 _xAforismos y apotegmas
_983268
650 0 _aLiteratura dominicana.
_967
910 _aValidado. Control de calidad EMS.
942 _2ddc
_cLBS1
999 _c24926
_d24926